[Event "AUT-chT 1999/2000"]
[Site "Graz"]
[Date "2000.03.18"]
[Round "10.5"]
[White "Kleissl, Helmut"]
[Black "Thinius, Marco"]
[Result "1-0"]
[WhiteElo "2279"]
[BlackElo "2356"]
[PlyCount "143"]
[EventDate "2000.03.18"]

1. c4 e5 2. Nc3 Nf6 3. g3 Bb4 4. Bg2 O-O 5. Nf3 Re8 6. O-O e4 7. Ng5 Bxc3 8.
bxc3 h6 9. Nh3 Nc6 10. d3 d5 11. cxd5 Nxd5 12. Nf4 Bf5 13. dxe4 Nxf4 14. Bxf4
Qxd1 15. Rfxd1 Bxe4 16. f3 Bg6 17. Kf2 Re7 18. g4 Rd8 19. e4 Red7 20. Rxd7 Rxd7
21. Bf1 f6 22. Rb1 Nd8 23. Be2 Bf7 24. a3 Ne6 25. Be3 b6 26. f4 Nd8 27. Ba6 c6
28. Be2 Nb7 29. Kf3 Na5 30. Rb4 c5 31. Rb2 Bc4 32. Rd2 Bxe2+ 33. Kxe2 Re7 34.
Rd8+ Kf7 35. Kf3 Nc4 36. Bc1 Ke6 37. h4 Kf7 38. Rd5 Rc7 39. g5 hxg5 40. hxg5
fxg5 41. Rf5+ Ke6 42. Rxg5 Rd7 43. Ke2 Kf6 44. a4 g6 45. Rg3 Rh7 46. Kd3 Na5
47. e5+ Kf7 48. Ke4 Rh1 49. Be3 49... Ra1 {} 50. f5 gxf5+ 51. Kxf5 Rf1+ 52.
Bf4 Nc6 53. e6+ Kf8 54. Rg4 Ne7+ 55. Kf6 a6 56. c4 Rf2 57. Rh4 Ng8+ 58. Ke5 Ne7
59. Kd6 Ng6 60. Kd7 Rf1 61. Bd6+ Kg7 62. Rg4 Re1 63. e7 Kf7 64. Rxg6 Kxg6 65.
e8=Q+ Rxe8 66. Kxe8 Kf5 67. Kd7 Ke4 68. Kc6 Kd3 69. Kxb6 Kxc4 70. Kxa6 Kd5 71.
Bf4 Kc6 72. a5 1-0

[Event "AUT-chT 1999/2000"]
[Site "Graz"]
[Date "2000.03.18"]
[Round "10.6"]
[White "Sorg, Bernd"]
[Black "Schiestl, Josef"]
[Result "1/2-1/2"]
[WhiteElo "2255"]
[BlackElo "2204"]
[PlyCount "26"]
[EventDate "2000.03.18"]

1. d4 Nf6 2. Nf3 g6 3. g3 Bg7 4. Bg2 O-O 5. O-O d6 6. c3 c5 7. dxc5 dxc5 8. Qb3
Nc6 9. Be3 b6 10. Rd1 Qe8 11. Na3 Nd5 12. Bd2 Na5 13. Qc2 13... Bb7 1/2-1/2

[Event "AUT-chT 1999/2000"]
[Site "Graz"]
[Date "2000.03.18"]
[Round "10.1"]
[White "Ribli, Zoltan"]
[Black "Hickl, Joerg"]
[Result "1/2-1/2"]
[WhiteElo "2579"]
[BlackElo "2553"]
[PlyCount "27"]
[EventDate "2000.03.18"]

1. c4 f5 2. Nc3 Nf6 3. Nf3 e6 4. g3 Be7 5. Bg2 O-O 6. O-O d6 7. d4 a5 8. b3 Qe8
9. Bb2 Qh5 10. e3 Bd7 11. Ne1 Qxd1 12. Rxd1 Nc6 13. Nd3 Rab8 14. a4 1/2-1/2

[Event "AUT-chT 1999/2000"]
[Site "Graz"]
[Date "2000.03.18"]
[Round "10.2"]
[White "Atlas, Valery"]
[Black "Weinzettl, Ernst"]
[Result "0-1"]
[WhiteElo "2465"]
[BlackElo "2401"]
[PlyCount "154"]
[EventDate "2000.03.18"]

1. e4 e6 2. d4 d5 3. Nc3 Bb4 4. e5 c5 5. a3 Bxc3+ 6. bxc3 Nh6 7. Nf3 Nc6 8. Bd3
Nf5 9. O-O Qa5 10. Bd2 c4 11. Be2 Bd7 12. g4 Nfe7 13. Nh4 h5 14. gxh5 O-O-O 15.
Kh1 Rh7 16. Rg1 Rdh8 17. Rg2 g6 18. Bf3 Rxh5 19. Bxh5 Rxh5 20. Nf3 Nf5 21. Rg5
Rh8 22. a4 Nd8 23. Qc1 Bxa4 24. Qa3 b5 25. Qc5+ Qc7 26. Qxc7+ Kxc7 27. Ra2 Nc6
28. Rg4 Kd7 29. Bg5 a5 30. Rg1 Nce7 31. Bc1 Nc6 32. Ng5 Ke8 33. Ba3 Rh5 34. Bc5
Nfe7 35. h3 Nf5 36. Kh2 Nh4 37. Kh1 Nd8 38. f4 Nf5 39. Re1 Rh4 40. Kg2 Rxf4 41.
Nh7 Nc6 42. Nf6+ Kd8 43. Ba3 Nce7 44. Bc1 Nh4+ 45. Kg3 Nef5+ 46. Kxf4 Ng2+ 47.
Kf3 Nxe1+ 48. Ke2 Nxc2 49. Bg5 Kc7 50. Kd2 Kc6 51. Rxc2 Bxc2 52. Kxc2 b4 53.
Bc1 a4 54. Ng4 a3 55. cxb4 Nxd4+ 56. Kb1 Nb5 57. Ne3 c3 58. Nc2 d4 59. Nxa3 d3
60. Nxb5 Kxb5 61. Be3 Kxb4 62. Kc1 Kc4 63. Bb6 Kd5 64. Ba5 Kxe5 65. Bxc3+ Ke4
66. Kd2 f5 67. h4 e5 68. Ba5 f4 69. Bb6 Kf3 70. Kxd3 e4+ 71. Kd4 e3 72. Ke5 Kg3
73. Kf6 e2 74. Ba5 f3 75. Be1+ f2 76. Bxf2+ Kxf2 77. Kxg6 77... e1=Q {...} 0-1

[Event "AUT-chT 1999/2000"]
[Site "Graz"]
[Date "2000.03.18"]
[Round "10.3"]
[White "Herzog, Adolf"]
[Black "Bezold, Michael"]
[Result "0-1"]
[WhiteElo "2399"]
[BlackElo "2508"]
[PlyCount "82"]
[EventDate "2000.03.18"]

1. d4 d6 2. e4 Nf6 3. Nc3 e5 4. Nf3 Nbd7 5. Bc4 Be7 6. Ng5 O-O 7. Bxf7+ Rxf7 8.
Ne6 Qe8 9. Nxc7 Qd8 10. Nxa8 b5 11. dxe5 Nxe5 12. f4 Bg4 13. Qd2 Nc4 14. Qd3
Qxa8 15. O-O Bd7 16. a4 b4 17. Nd5 Nxd5 18. Qxc4 Nf6 19. Be3 a5 20. e5 Qd5 21.
Qd4 Bc6 22. Rf2 Ng4 23. Rd2 Qxd4 24. Bxd4 Rxf4 25. exd6 Bxd6 26. h3 Ne5 27. Be3
Rf6 28. b3 Bc7 29. Re1 Re6 30. Bf2 Rg6 31. Kf1 Bxg2+ 32. Ke2 Bxh3 33. Rd5 Bg4+
34. Kf1 Bh3+ 35. Ke2 Bg4+ 36. Kf1 Nf3 37. Re7 Bd6 38. Rb7 Re6 39. Bg3 Bf8 40.
Rd8 Ng5 41. Bh4 41... Bf3 0-1

[Event "AUT-chT 1999/2000"]
[Site "Graz"]
[Date "2000.03.18"]
[Round "10.5"]
[White "Roth, Peter"]
[Black "Gaertner, Guntram"]
[Result "1/2-1/2"]
[WhiteElo "2312"]
[BlackElo "2398"]
[PlyCount "66"]
[EventDate "2000.03.18"]

1. e4 c5 2. Nf3 e6 3. Nc3 Nc6 4. d4 cxd4 5. Nxd4 Nf6 6. Be3 Bb4 7. Nxc6 bxc6 8.
Bd3 d5 9. e5 Nd7 10. Qg4 Qa5 11. O-O g6 12. Bf4 Be7 13. h4 Ba6 14. Bxa6 Qxa6
15. Qg3 h5 16. Rfd1 Qb6 17. Na4 Qd8 18. Qc3 Bxh4 19. Qxc6 Qc8 20. Qxc8+ Rxc8
21. Nc3 O-O 22. Rd4 Be7 23. Re1 Bc5 24. Rd3 Bb4 25. Bd2 Nc5 26. Rd4 Bxc3 27.
Bxc3 Rc6 28. Bb4 Rb8 29. Ba3 Nd7 30. Re2 Rbc8 31. c3 Ra6 32. g4 hxg4 33. Rxg4
33... Kg7 1/2-1/2

[Event "AUT-chT 1999/2000"]
[Site "Graz"]
[Date "2000.03.18"]
[Round "10.6"]
[White "Feistenauer, Fred"]
[Black "Plank, Franz"]
[Result "1/2-1/2"]
[WhiteElo "2278"]
[BlackElo "2264"]
[PlyCount "25"]
[EventDate "2000.03.18"]

1. e4 d5 2. exd5 Qxd5 3. Nc3 Qa5 4. Nf3 Nc6 5. d4 Bg4 6. Bb5 e6 7. h3 Bh5 8. g4
Bg6 9. Ne5 Bb4 10. Bxc6+ bxc6 11. Bd2 Ne7 12. O-O O-O 13. a3 1/2-1/2

[Event "AUT-chT 1999/2000"]
[Site "Graz"]
[Date "2000.03.18"]
[Round "10.1"]
[White "Chernin, Alexandere"]
[Black "Berndt, Stephan"]
[Result "1-0"]
[WhiteElo "2606"]
[BlackElo "2500"]
[PlyCount "55"]
[EventDate "2000.03.18"]

1. c4 e5 2. Nc3 Nc6 3. Nf3 g6 4. d4 exd4 5. Nxd4 Bg7 6. Nxc6 bxc6 7. g3 Ne7 8.
Bg2 d6 9. O-O O-O 10. Bg5 h6 11. Bxe7 Qxe7 12. Bxc6 Rb8 13. Qc2 Qe5 14. Rac1
Bf5 15. Qd2 Qc5 16. Bf3 Qxc4 17. Nd5 Qxa2 18. Ne7+ Kh8 19. Nxf5 gxf5 20. Rxc7
Qxb2 21. Qd3 a5 22. Qxf5 Qe5 23. Qd7 Rb4 24. Ra7 Kg8 25. Rd1 Qb5 26. Rxd6 Rb1+
27. Kg2 Qb2 28. Be4 1-0

[Event "AUT-chT 1999/2000"]
[Site "Graz"]
[Date "2000.03.18"]
[Round "10.2"]
[White "Volke, Karsten"]
[Black "Stanec, Nikolaus"]
[Result "1-0"]
[WhiteElo "2463"]
[BlackElo "2495"]
[PlyCount "56"]
[EventDate "2000.03.18"]

1. d4 Nf6 2. Nf3 g6 3. c4 Bg7 4. Nc3 O-O 5. e4 d6 6. Be2 Na6 7. O-O e5 8. Bg5
h6 9. Bh4 Qe8 10. Bxf6 Bxf6 11. c5 {} 11... Nb8 12. Nd5 Bd8 13. cxd6 cxd6 14.
dxe5 dxe5 15. Qc1 Bg4 16. Qxh6 Bxf3 17. Bxf3 Nc6 18. Rac1 Nd4 19. Bg4 f5 20.
exf5 gxf5 21. Nc7 Qd7 22. Qg6+ Kh8 23. Nxa8 fxg4 24. Rfe1 Rf5 25. Kh1 Qg7 26.
Qe8+ Rf8 27. Qh5+ Kg8 28. Rxe5 Nc6 1-0

[Event "AUT-chT 1999/2000"]
[Site "Graz"]
[Date "2000.03.18"]
[Round "10.3"]
[White "Kindermann, Stefan"]
[Black "Horvath, Tamas"]
[Result "1-0"]
[WhiteElo "2532"]
[BlackElo "2394"]
[PlyCount "81"]
[EventDate "2000.03.18"]

1. e4 c5 2. Nf3 e6 3. d4 cxd4 4. Nxd4 Nf6 5. Nc3 Nc6 6. Ndb5 d6 7. Bf4 e5 8.
Bg5 a6 9. Na3 b5 10. Nd5 Be7 11. Bxf6 Bxf6 12. c3 Bb7 13. Nc2 Nb8 14. g3 Nd7
15. h4 O-O 16. Nce3 Nb6 17. Bg2 Rb8 18. O-O Nc4 19. Qc2 Nxe3 20. Nxe3 Qc7 21.
Qd3 a5 22. a3 Rfd8 23. Rfd1 Ba8 24. Nd5 Bxd5 25. Qxd5 Be7 26. Bf1 Qb6 27. Rd2
Rdc8 28. Qb3 Rc5 29. Rad1 g6 30. Rd5 Kf8 31. R1d3 Qc6 32. a4 Qe8 33. Rxc5 {}
33... bxa4 34. Qxb8 Qxb8 35. Rxa5 Qxb2 36. Rxa4 Qb7 37. Rd5 Kg7 38. Rb5 Qc8 39.
Ra7 Qe6 40. Rc7 Kh6 41. Bc4 1-0

[Event "AUT-chT 1999/2000"]
[Site "Graz"]
[Date "2000.03.18"]
[Round "10.4"]
[White "Schwarz, Michael Dkfm."]
[Black "Luther, Thomas"]
[Result "1/2-1/2"]
[WhiteElo "2374"]
[BlackElo "2508"]
[PlyCount "29"]
[EventDate "2000.03.18"]

1. c4 e6 2. Nf3 d5 3. e3 Nf6 4. d4 c5 5. Nc3 Nc6 6. a3 a6 7. dxc5 Bxc5 8. b4
Ba7 9. Bb2 O-O 10. Be2 dxc4 11. Qxd8 Rxd8 12. Bxc4 b5 13. Bb3 Bb7 14. Ke2 Kf8
15. Rhd1 1/2-1/2

[Event "AUT-chT 1999/2000"]
[Site "Graz"]
[Date "2000.03.18"]
[Round "10.5"]
[White "Teske, Henrik"]
[Black "Danner, Georg"]
[Result "1-0"]
[WhiteElo "2514"]
[BlackElo "2407"]
[PlyCount "78"]
[EventDate "2000.03.18"]

1. d4 f5 2. g4 fxg4 3. h3 g3 4. fxg3 Nf6 5. Bg2 d5 6. Nc3 g6 7. e4 dxe4 8. Nge2
Bg7 9. Be3 Nc6 10. Qd2 e5 11. d5 Ne7 12. O-O-O Nf5 13. g4 Nd6 14. Ng3 O-O 15.
Ngxe4 Nfxe4 16. Nxe4 Nc4 17. Qe2 Nxe3 18. Qxe3 18... Rf4 {} 19. d6 cxd6 20.
Nxd6 Qe7 21. Rhe1 Be6 22. Nxb7 Raf8 23. Kb1 Rc4 24. Na5 Ra4 25. Nb3 e4 26. Bxe4
Qf6 27. c3 Bxb3 28. axb3 Ra5 29. Bd5+ Kh8 30. b4 Ra6 31. Bc4 Rd6 32. Qxa7 Rxd1+
33. Rxd1 Qf4 34. Qc5 Qe4+ 35. Bd3 Qf3 36. Bc2 Qxh3 37. g5 Qe6 38. b5 Ra8 39.
Qd5 Qe8 1-0

[Event "AUT-chT 1999/2000"]
[Site "Graz"]
[Date "2000.03.18"]
[Round "10.6"]
[White "Kotz, Heinz Peter"]
[Black "Felsberger, Alfred"]
[Result "1/2-1/2"]
[WhiteElo "2260"]
[BlackElo "2392"]
[PlyCount "44"]
[EventDate "2000.03.18"]

1. e4 c5 2. Nf3 d6 3. d4 cxd4 4. Nxd4 Nf6 5. Nc3 e6 6. Bc4 Be7 7. Be3 O-O 8.
Bb3 Na6 9. f3 Nc5 10. Qd2 a6 11. O-O-O Qc7 12. g4 b5 13. g5 Nfd7 14. h4 b4 15.
Nce2 Nxb3+ 16. axb3 Qb7 17. g6 Nc5 18. gxh7+ Kh8 19. Rdg1 e5 20. Ng3 exd4 21.
Bxd4 f6 22. Nh5 22... Ne6 1/2-1/2

[Event "AUT-chT 1999/2000"]
[Site "Graz"]
[Date "2000.03.19"]
[Round "11.1"]
[White "Berndt, Stephan"]
[Black "Hertneck, Gerald"]
[Result "1/2-1/2"]
[WhiteElo "2500"]
[BlackElo "2571"]
[PlyCount "76"]
[EventDate "2000.03.19"]

1. e4 e6 2. d4 d5 3. Nc3 Bb4 4. e5 c5 5. a3 Bxc3+ 6. bxc3 Ne7 7. Nf3 b6 8. Bb5+
Bd7 9. Bd3 Ba4 10. h4 h6 11. h5 Nbc6 12. O-O c4 13. Be2 Kd7 14. Nh2 Qg8 15. Ng4
Qh7 16. Ne3 f5 17. exf6 gxf6 18. Re1 Raf8 19. Bf3 f5 20. Qe2 Rf6 21. g3 Rhf8
22. Ra2 Nd8 23. Ng2 Nf7 24. Bf4 Ng5 25. Kh2 Rg8 26. Nh4 Ne4 27. Qe3 Nc6 28. Be2
Kc8 29. Nf3 Kb7 30. Ne5 Nxe5 31. Bxe5 Rff8 32. Bf4 Rc8 33. Kg2 Rc6 34. Rb1 a5
35. Rab2 b5 36. Bf3 Ka6 37. Be2 Ng5 38. Ra2 38... Qe7 1/2-1/2

[Event "AUT-chT 1999/2000"]
[Site "Graz"]
[Date "2000.03.19"]
[Round "11.2"]
[White "Tischbierek, Raj"]
[Black "Volke, Karsten"]
[Result "1-0"]
[WhiteElo "2544"]
[BlackElo "2463"]
[PlyCount "95"]
[EventDate "2000.03.19"]

1. g3 Nf6 2. Bg2 d5 3. Nf3 c6 4. O-O Bg4 5. d4 Nbd7 6. c4 e6 7. Qb3 Qb6 8. Nc3
Be7 9. c5 Qxb3 10. axb3 Bxf3 11. Bxf3 e5 12. e3 O-O 13. b4 a6 14. Bg2 Rfe8 15.
Bd2 exd4 16. exd4 Nf8 17. Bh3 Ne6 18. Bxe6 fxe6 19. Rfe1 Kf7 20. Kg2 Nd7 21. f4
Bf6 22. Be3 h6 23. Rf1 Rg8 24. Ne2 g5 25. h3 Ke7 26. Rae1 Raf8 27. g4 h5 28.
fxg5 Bxg5 29. Bxg5+ Rxg5 30. Nf4 30... hxg4 {} 31. h4 Rg7 32. Rxe6+ Kd8 33.
Ree1 Kc8 34. Nxd5 cxd5 35. Rxf8+ Nxf8 36. Re8+ Kc7 37. Rxf8 Kc6 38. Rd8 Kb5 39.
Rxd5 Kxb4 40. Rg5 Rh7 41. Rxg4 Kb3 42. d5 Kxb2 43. d6 a5 44. Re4 Rh8 45. Re7
Rb8 46. Rc7 a4 47. d7 a3 48. Rc8 1-0

[Event "AUT-chT 1999/2000"]
[Site "Graz"]
[Date "2000.03.19"]
[Round "11.3"]
[White "Horvath, Tamas"]
[Black "Ankerst, Michael"]
[Result "1/2-1/2"]
[WhiteElo "2394"]
[BlackElo "2353"]
[PlyCount "84"]
[EventDate "2000.03.19"]

1. e4 c5 2. Nf3 g6 3. d4 cxd4 4. Nxd4 Nf6 5. f3 Nc6 6. c4 Nxd4 7. Qxd4 d6 8.
Nc3 Bg7 9. Be3 O-O 10. Qd2 Be6 11. Rc1 a6 12. b3 Qa5 13. Nd5 Qxd2+ 14. Kxd2
Bxd5 15. cxd5 Rac8 16. Rxc8 Rxc8 17. g3 e6 18. Bh3 Re8 19. dxe6 fxe6 20. Rc1
Kf7 21. Rc7+ Re7 22. Rc8 Re8 23. Rc2 Re7 24. Rc8 Re8 25. Rxe8 Nxe8 26. Kd3 Ke7
27. f4 Nc7 28. Bb6 Kd7 29. Bxc7 Kxc7 30. Bxe6 {} 30... Kd8 31. Kc4 b6 32. Kd5
Ke7 33. h4 Bc3 34. Bg8 h6 35. Bh7 Be1 36. Kc6 Kf7 37. f5 gxf5 38. Bxf5 Bf2 39.
g4 Ke7 40. g5 hxg5 41. hxg5 a5 42. Kd5 Bc5 1/2-1/2

[Event "AUT-chT 1999/2000"]
[Site "Graz"]
[Date "2000.03.19"]
[Round "11.4"]
[White "Opl, Klaus"]
[Black "Schwarz, Michael Dkfm."]
[Result "1-0"]
[WhiteElo "2340"]
[BlackElo "2374"]
[PlyCount "61"]
[EventDate "2000.03.19"]

1. e4 c6 2. d4 d5 3. e5 Bf5 4. h4 h5 5. c4 e6 6. Nc3 Be7 7. cxd5 exd5 8. Nf3
Bg4 9. Be2 Bxf3 10. Bxf3 g6 11. Qc2 Na6 12. Ne2 Qa5+ 13. Kf1 Nb4 14. Qb3 Qb5
15. Rh3 a5 16. a3 a4 17. Qd1 Qd3 18. Bd2 {} 18... Nc2 19. Bxd5 Qxh3 20. gxh3
Nxa1 21. Bxf7+ Kxf7 22. Qxa1 Bxh4 23. Qa2+ Kg7 24. Nf4 Ne7 25. Bb4 Nd5 26. Nxd5
cxd5 27. Qxd5 Rac8 28. Qxb7+ Kh6 29. Qe4 g5 30. Qf5 Rc7 31. Bf8+ 1-0

[Event "AUT-chT 1999/2000"]
[Site "Graz"]
[Date "2000.03.19"]
[Round "11.5"]
[White "Danner, Georg"]
[Black "Druckenthaner, Andreas"]
[Result "1/2-1/2"]
[WhiteElo "2407"]
[BlackElo "2300"]
[PlyCount "85"]
[EventDate "2000.03.19"]

1. d4 Nf6 2. Nf3 e6 3. e3 c5 4. Bd3 b6 5. O-O Bb7 6. c4 g6 7. Nc3 Bg7 8. a4 O-O
9. a5 Bxf3 10. Qxf3 Nc6 11. axb6 cxd4 12. b7 Rb8 13. Nb5 Qb6 14. exd4 14... a6
{} 15. Bf4 axb5 16. Bxb8 Rxb8 17. cxb5 Na7 18. Rfc1 Qxb7 19. Qxb7 Rxb7 20. Rc7
Rxc7 21. b6 Rc8 22. Ba6 Rd8 23. bxa7 Nd5 24. Bb7 Nb6 25. d5 Bxb2 26. Rb1 Bd4
27. dxe6 fxe6 28. Rxb6 Bxb6 29. a8=Q Rxa8 30. Bxa8 Kf7 31. Kf1 Kf6 32. Ke2 d5
33. h4 Kf5 34. Bc6 h6 35. g3 g5 36. hxg5 hxg5 37. Bd7 d4 38. Bb5 Bc7 39. Bd3+
Kg4 40. Bc4 Bxg3 41. Bxe6+ Kf4 42. fxg3+ Kxg3 43. Kd3 1-0

[Event "AUT-chT 1999/2000"]
[Site "Graz"]
[Date "2000.03.19"]
[Round "11.6"]
[White "Enigl, Karl"]
[Black "Kotz, Heinz Peter"]
[Result "0-1"]
[WhiteElo "2212"]
[BlackElo "2260"]
[PlyCount "76"]
[EventDate "2000.03.19"]

1. Nf3 Nf6 2. c4 g6 3. Nc3 Bg7 4. d4 O-O 5. Bg5 d6 6. e3 Nbd7 7. Be2 e5 8. Qc2
c6 9. a3 Qe7 10. h3 Re8 11. O-O Nf8 12. Bh4 Bf5 13. Qa4 Qc7 14. Rac1 Ne4 15.
Nxe4 Bxe4 16. dxe5 dxe5 17. Rfd1 c5 18. Nd2 Bc6 19. Qc2 f5 20. b4 b6 21. b5 Bb7
22. Bf3 e4 23. Bg3 Qf7 24. Be2 Ne6 25. Bh2 h5 26. f4 Bf6 27. Nb1 g5 28. Nc3 g4
29. Kh1 Red8 30. Nd5 Bh4 31. g3 Bf6 32. Nxf6+ Qxf6 33. h4 {} 33... Rd3 34. Bg1
Nxf4 35. Kh2 Nxe2 36. Qxe2 Rad8 37. Bf2 R8d7 38. Be1 Qd8 0-1

[Event "AUT-chT 1999/2000"]
[Site "Graz"]
[Date "2000.03.19"]
[Round "11.2"]
[White "Stanec, Nikolaus"]
[Black "Atlas, Valery"]
[Result "1/2-1/2"]
[WhiteElo "2495"]
[BlackElo "2465"]
[PlyCount "31"]
[EventDate "2000.03.19"]

1. d4 Nf6 2. Nf3 e6 3. e3 b6 4. Bd3 Bb7 5. O-O d5 6. b3 Bd6 7. Bb2 O-O 8. Ne5
Qe7 9. Nd2 Ne4 10. f3 Nxd2 11. Qxd2 f6 12. Ng4 c5 13. dxc5 Bxc5 14. a3 a5 15.
Kh1 Nd7 16. e4 1/2-1/2

[Event "AUT-chT 1999/2000"]
[Site "Graz"]
[Date "2000.03.19"]
[Round "11.4"]
[White "Luther, Thomas"]
[Black "Topakian, Raffi"]
[Result "1-0"]
[WhiteElo "2508"]
[BlackElo "2376"]
[PlyCount "101"]
[EventDate "2000.03.19"]

1. e4 e6 2. d4 d5 3. Nc3 Nf6 4. e5 Nfd7 5. f4 c5 6. Nf3 a6 7. Be3 Qb6 8. Na4
Qa5+ 9. c3 cxd4 10. b4 Qc7 11. Qxd4 Nc6 12. Qd2 b5 13. Nb2 f6 14. a4 bxa4 15.
Rxa4 Bb7 16. exf6 Nxf6 17. Ng5 Qd7 18. Bd3 Bd6 19. O-O O-O 20. f5 e5 21. Ne6
Rfe8 22. Bg5 e4 23. Be2 {} 23... Rxe6 24. fxe6 Qxe6 25. c4 Qe5 26. Bf4 Qd4+
27. Qxd4 Nxd4 28. Bd1 Bxf4 29. Rxf4 Rc8 30. c5 Kf7 31. Ra3 g5 32. Rf1 Kg6 33.
Kf2 Re8 34. Ke1 Nb5 35. Ra5 Re6 36. Ba4 Nc3 37. c6 Bc8 38. Rc5 Na2 39. b5 axb5
40. Bxb5 Nb4 41. h3 e3 42. Nd3 Na6 43. Bxa6 Bxa6 44. c7 Bc8 45. Rc6 Kf7 46.
Ne5+ Ke7 47. Rxe6+ Kxe6 48. Nc6 Ne8 49. Na7 Nd6 50. Nxc8 Nxc8 51. Ke2 1-0

[Event "AUT-chT 1999/2000"]
[Site "Graz"]
[Date "2000.03.19"]
[Round "11.5"]
[White "Gaertner, Guntram"]
[Black "Teske, Henrik"]
[Result "0-1"]
[WhiteElo "2398"]
[BlackElo "2514"]
[PlyCount "68"]
[EventDate "2000.03.19"]

1. d4 Nf6 2. c4 c5 3. d5 b5 4. cxb5 a6 5. b6 a5 6. Nc3 Ba6 7. f4 d6 8. Nf3 Nbd7
9. e4 Bxf1 10. Rxf1 Nxb6 11. Kf2 g6 12. Kg1 Bg7 13. Qe1 Qd7 14. h3 O-O 15. f5
gxf5 16. Nh4 e6 17. dxe6 fxe6 18. exf5 {} 18... Rae8 19. fxe6 Rxe6 20. Qg3 Nh5
21. Rxf8+ Kxf8 22. Qf3+ Qf7 23. Qxf7+ Kxf7 24. g4 Ng3 25. Bf4 Bxc3 26. Bxg3
Bxb2 27. Rf1+ Ke8 28. Nf5 Kd7 29. Bf2 a4 30. g5 a3 31. h4 Nd5 32. Rd1 Nc3 33.
Rd2 Kc6 34. Bg3 d5 0-1

[Event "AUT-chT 1999/2000"]
[Site "Graz"]
[Date "2000.03.19"]
[Round "11.3"]
[White "Baumegger, Siegfried"]
[Black "Herzog, Adolf"]
[Result "1-0"]
[WhiteElo "2421"]
[BlackElo "2399"]
[PlyCount "75"]
[EventDate "2000.03.19"]

1. d4 Nf6 2. c4 g6 3. Nc3 Bg7 4. Nf3 d6 5. g3 O-O 6. Bg2 Na6 7. O-O c5 8. d5
Nc7 9. h3 Rb8 10. a4 b6 11. e4 Nd7 12. Qc2 a6 13. b3 b5 14. Rb1 bxc4 15. bxc4
Rxb1 16. Nxb1 a5 17. Na3 Na6 18. Nb5 Nb4 19. Qb3 Nb6 20. Re1 h6 21. Bf1 Kh7 22.
Bd2 Bd7 23. e5 Bf5 24. Bxb4 cxb4 25. Nfd4 Bd7 26. exd6 exd6 27. Nc6 Qf6 28.
Nxa5 Ra8 29. Qxb4 Bxb5 30. axb5 Qc3 31. Nc6 Qf6 32. Qb3 h5 33. Qe3 Na4 34. Qf4
Qc3 35. Re7 Nc5 36. Qxf7 Ra1 37. Ne5 Ne6 38. Qxg6+ 1-0

[Event "AUT-chT 1999/2000"]
[Site "Graz"]
[Date "2000.03.19"]
[Round "11.4"]
[White "Staudner, Oliver"]
[Black "Freitag, Manfred"]
[Result "1/2-1/2"]
[WhiteElo "2368"]
[BlackElo "2373"]
[PlyCount "46"]
[EventDate "2000.03.19"]

1. e4 c5 2. Nf3 d6 3. c3 Nf6 4. Be2 Nbd7 5. d3 e5 6. Nbd2 Be7 7. Nf1 O-O 8. Ng3
Re8 9. O-O Bf8 10. c4 g6 11. Ne1 Bg7 12. Rb1 Nf8 13. f4 exf4 14. Bxf4 Ne6 15.
Be3 Nd7 16. Bg4 Ne5 17. Bh3 Nc6 18. Nf3 Ned4 19. Bxc8 Rxc8 20. Nxd4 Bxd4 21.
Bxd4 Nxd4 22. Qd2 Re5 23. Rf2 23... Rc7 1/2-1/2

[Event "AUT-chT 1999/2000"]
[Site "Graz"]
[Date "2000.03.19"]
[Round "11.5"]
[White "Thinius, Marco"]
[Black "Roth, Peter"]
[Result "1-0"]
[WhiteElo "2356"]
[BlackElo "2312"]
[PlyCount "85"]
[EventDate "2000.03.19"]

1. e4 c5 2. Nf3 e6 3. Nc3 Nc6 4. Bb5 Nge7 5. O-O a6 6. Bxc6 Nxc6 7. d4 cxd4 8.
Nxd4 Bc5 9. Nxc6 dxc6 10. Qxd8+ Kxd8 11. e5 Kc7 12. Be3 Be7 13. Na4 b5 14. Bb6+
Kb7 15. Bc5 Re8 16. Bxe7 Rxe7 17. Nc5+ Kb6 18. b4 a5 19. a3 19... Rea7 {} 20.
Rad1 axb4 21. axb4 Ra2 22. Rd2 Rb2 23. Nd3 Rba2 24. g3 R8a3 25. Rc1 Kc7 26. Kf1
Rc3 27. Ke1 Ra4 28. Re2 c5 29. bxc5 Bb7 30. Kd2 Rca3 31. Rb1 Ra5 32. Nb4 Bd5
33. Re3 Rxe3 34. Kxe3 Ra3+ 35. Kd4 Rf3 36. Ra1 Rxf2 37. Ra7+ Kb8 38. Re7 Rd2+
39. Ke3 Rxh2 40. Rxf7 g5 41. Nxd5 Rxc2 42. Nb4 Rc3+ 43. Kd2 1-0

[Event "AUT-chT 1999/2000"]
[Site "Graz"]
[Date "2000.03.19"]
[Round "11.6"]
[White "Plank, Franz"]
[Black "Sorg, Bernd"]
[Result "1-0"]
[WhiteElo "2264"]
[BlackElo "2255"]
[PlyCount "115"]
[EventDate "2000.03.19"]

1. d4 Nf6 2. Nf3 e6 3. Nbd2 Be7 4. e4 d5 5. Bd3 c5 6. c3 Nc6 7. O-O O-O 8. dxc5
Bxc5 9. Qe2 e5 10. exd5 Qxd5 11. Ne4 Be7 12. Nfg5 g6 13. Bc4 Qa5 14. Nxf6+ Bxf6
15. Ne4 Bg7 16. Nd6 Qc5 17. Nxc8 Raxc8 18. Bb3 Kh8 19. Be3 Qe7 20. Rad1 f5 21.
f3 e4 22. fxe4 Qxe4 23. Rfe1 b6 24. Qf2 Qg4 25. Bf4 Rcd8 26. h3 Qh5 27. Qe2
Rxd1 28. Bxd1 Qh4 29. Qf2 Qd8 30. Bf3 Qf6 31. Qe3 Na5 32. Bd5 Nc6 33. Qe6 33...
Na5 {} 34. Be5 Qxe6 35. Bxg7+ Kxg7 36. Rxe6 Rf7 37. b4 Nb7 38. c4 Rc7 39. Kf2
Nd8 40. Rd6 Nf7 41. Re6 Nh6 42. Ke3 f4+ 43. Kxf4 Nf5 44. Ke5 Rd7 45. g4 Ne3 46.
Ke4 Nc2 47. b5 Nb4 48. a3 Nc2 49. a4 Na1 50. c5 bxc5 51. a5 c4 52. Bxc4 Nc2 53.
Bd5 Nb4 54. Bc6 Rc7 55. Rd6 Kf7 56. Kd4 Ke7 57. Kc5 g5 58. Rd2 1-0

[Event "AUT-chT 1999/2000"]
[Site "Graz"]
[Date "2000.03.19"]
[Round "11.1"]
[White "Hoelzl, Franz"]
[Black "Lanka, Zigurds"]
[Result "0-1"]
[WhiteElo "2428"]
[BlackElo "2501"]
[PlyCount "98"]
[EventDate "2000.03.19"]

1. Nf3 Nf6 2. c4 g6 3. Nc3 Bg7 4. e4 d6 5. d4 O-O 6. Be2 e5 7. O-O Nc6 8. d5
Ne7 9. Bg5 Nh5 10. Ne1 Nf4 11. Nd3 Nxe2+ 12. Qxe2 h6 13. Bd2 g5 14. g4 Ng6 15.
f3 Nf4 16. Nxf4 exf4 17. Rfc1 Bd7 18. Nd1 c6 19. dxc6 bxc6 20. Bc3 Qe7 21. Qd2
Rad8 22. Bxg7 Kxg7 23. c5 Be6 24. cxd6 Rxd6 25. Qc3+ f6 26. Nf2 Bf7 27. Qa3 Qe5
28. Rc5 Qd4 29. Rc3 Rfd8 30. Kg2 Qb6 31. b3 Rd2 32. Qc5 R8d6 33. e5 fxe5 34.
Qxe5+ 34... Kg8 {} 35. Qc5 Qxc5 36. Rxc5 Bd5 37. Ra5 Re6 38. Rxa7 Re3 39. Kg1
Bxf3 40. a4 Ra2 41. Rf1 Rxb3 42. a5 Rba3 43. Re1 Ra1 44. Nd3 Be4 45. Re7 Rxe1+
46. Nxe1 Bd5 47. Ra7 Ra1 48. Kf1 Ra2 49. h3 f3 0-1

[Event "AUT-chT 1999/2000"]
[Site "Graz"]
[Date "2000.03.19"]
[Round "11.2"]
[White "Maiwald, Jens-Uwe"]
[Black "Horvath, Csaba"]
[Result "0-1"]
[WhiteElo "2507"]
[BlackElo "2512"]
[PlyCount "48"]
[EventDate "2000.03.19"]

1. e4 d5 2. exd5 Qxd5 3. Nc3 Qa5 4. d4 Nf6 5. Nf3 c6 6. Bc4 Bf5 7. Bd2 e6 8.
Nd5 Qd8 9. Nxf6+ gxf6 10. Qe2 Bxc2 11. d5 cxd5 12. Bb5+ Nd7 13. Nd4 Be4 14. f3
Bg6 15. h4 h5 16. f4 Be4 17. f5 Qb6 18. Qf2 18... e5 {} 19. Ne6 Qxf2+ 20. Kxf2
Bd6 21. Rhc1 fxe6 22. fxe6 Ke7 23. exd7 a6 24. Ba4 Bf5 0-1

[Event "AUT-chT 1999/2000"]
[Site "Graz"]
[Date "2000.03.19"]
[Round "11.3"]
[White "Moser, Guenter"]
[Black "Gross, David"]
[Result "1/2-1/2"]
[WhiteElo "2315"]
[BlackElo "2427"]
[PlyCount "46"]
[EventDate "2000.03.19"]

1. d4 Nf6 2. c4 g6 3. Nc3 d5 4. Bf4 Bg7 5. e3 c5 6. dxc5 Qa5 7. Rc1 dxc4 8.
Bxc4 O-O 9. Nf3 Nc6 10. O-O Qxc5 11. Nb5 Qh5 12. Nc7 Rb8 13. Be2 Bg4 14. h3
Bxf3 15. Bxf3 Qa5 16. Nd5 Rbd8 17. Nxf6+ Bxf6 18. Qb3 Ne5 19. Bxe5 Qxe5 20.
Qxb7 a5 21. b3 Qb2 22. Qb5 Qxa2 23. Rc5 23... Rb8 1/2-1/2